Archivmaterialien zu Manfred Eigen, 1927-2019

Gespeichert in:  
Bibliographische Detailangaben
1. VerfasserIn: Eigen, Manfred 1927-2019 (Verfasst von)
Medienart: Elektronisch Archivmaterial
Sprache:Deutsch
In:Jahr: 2019
Online-Zugang: Archivdatenbank (Archivportal-D)
Archivdatenbank (Kalliope Verbundkatalog)
Verfügbarkeit prüfen: HBZ Gateway

MARC

LEADER 00000npc a22000002 4500
001 LR11852948X
003 PipeLineGenerated
005 20260508112529.0
008 190606s2019 xx ||||| 00| ||ger c
100 |a Eigen, Manfred  |0 (DE-588)11852948X  |0 (DE-627)079330223  |d 1927-2019 
245 |a Archivmaterialien zu Manfred Eigen, 1927-2019 
856 |u https://kalliope-verbund.info/gnd/11852948X  |3 Archivdatenbank (Kalliope Verbundkatalog) 
856 |u https://www.archivportal-d.de/person/gnd/11852948X  |3 Archivdatenbank (Archivportal-D) 
ELC |a 1